<?xml version="1.0" encoding="UTF-8"?>
<marc:record xmlns:marc="http://www.loc.gov/MARC21/slim">
   <marc:leader>00000nam a2200000 a 4500</marc:leader>
   <marc:datafield ind1="1" ind2=" " tag="100">
      <marc:subfield code="a">Klingner, Annett</marc:subfield>
      <marc:subfield code="4">aut</marc:subfield>
      <marc:subfield code="e">Verfasser/-in</marc:subfield>
   </marc:datafield>
   <marc:datafield ind1=" " ind2=" " tag="653">
      <marc:subfield code="a">Führer</marc:subfield>
   </marc:datafield>
   <marc:datafield ind1="0" ind2="0" tag="245">
      <marc:subfield code="a">111 Orte in Rom, die man gesehen haben muss</marc:subfield>
   </marc:datafield>
   <marc:datafield ind1="0" ind2="0" tag="245">
      <marc:subfield code="c">Annett Klingner</marc:subfield>
   </marc:datafield>
   <marc:datafield ind1=" " ind2="1" tag="264">
      <marc:subfield code="a">Köln</marc:subfield>
      <marc:subfield code="b">Emons</marc:subfield>
      <marc:subfield code="c">2013</marc:subfield>
   </marc:datafield>
   <marc:datafield ind1="1" ind2=" " tag="520">
      <marc:subfield code="a">Angaben aus der Verlagsmeldung

111 Orte in Rom, die gesehen haben muss / von Annett Klingner

20 Millionen Touristen zieht es nach Rom – jedes Jahr. Sie bewundern das Kolosseum, den Petersdom, sitzen auf der Spanischen Treppe und flanieren auf dem Campo de’ Fiori. Aber die Ewige Stadt bietet mehr: Geheimnisse, versteckte Orte, vergessene Geschichten. Warum gibt es zum Beispiel einen Leuchtturm, obwohl Rom nicht am Meer liegt? Wo ist das Grab der Päpstin Johanna? Was erzählt der Mantel des Henkers? Welches Wahrzeichen wurde fast gestohlen? Wo wird man für unmögliches Benehmen belohnt? Und warum ist die älteste Babyklappe der Welt ausgerechnet hier? Dieses Buch bringt Sie an Orte, die Ihnen die Sehnsuchtsstadt Nr. 1 von einer ganz neuen Seite zeigen.
</marc:subfield>
   </marc:datafield>
   <marc:datafield ind1=" " ind2=" " tag="020">
      <marc:subfield code="a">9783954512195</marc:subfield>
      <marc:subfield code="9">9783954512195</marc:subfield>
   </marc:datafield>
   <marc:datafield ind1=" " ind2=" " tag="041">
      <marc:subfield code="a">ger</marc:subfield>
   </marc:datafield>
   <marc:datafield ind1=" " ind2=" " tag="300">
      <marc:subfield code="a">230 S.</marc:subfield>
   </marc:datafield>
</marc:record>
